000 00373nam a2200157Ia 4500
008 230917s9999||||xx |||||||||||||| ||und||
020 _cRS8
040 _e19407
_aMAIN
041 _aEnglish
082 _a333.912 C392S
100 _aChaturvedi, M C
245 0 _aSecond India studies: Water
260 _aDelhi
_bMacmillan
_c1976
300 _avii, 94 p.
942 _cBK
999 _c185081
_d185081